000 00789cam a22002291 4500
001 gs 29000072
003 DLC
005 20260227111333.0
008 750917s1928 xx s000 0 eng
010 _ags 29000072
035 _a(OCoLC)1630333
040 _aDLC
_cCtHT
_dDLC
042 _apremarc
050 0 0 _aGB705.C8
_bS8
100 1 _aSuttie, Roscoe Henry.
245 1 0 _aReport on the water resources of Connecticut,
_cby Roscos [!] Henry Suttie.
260 _aHartford,
_bPrinted by the State geological and natural history survey,
_c1928.
300 _a168 p. incl. tables.
_c28 cm.
410 2 0 _aState Geological and Natural History Survey of Connecticut.
_tBulletin
_vno. 44
500 _aState of Connecticut. Public document no. 47.
650 0 _aWater-supply
_zConnecticut.
999 _c26702
_d26702